Culture cinématographique - Série 12 - Statistiques

Statistiques générales
  • Ce quiz a été pris 173 fois
  • Le résultat moyen est 5 sur 10
Statistiques - réponses
Question Réponse % Correct
Dans le film "Le guignolo" réalisé par Georges Lautner en 1980, qui est " Alexandre Boroni/Dupré" ? Jean-Paul Belmondo
89%
Dans le film "Trois hommes et un couffin" réalisé par Coline Serreau en 1985, qui est " Michel" ? Michel Boujenah
71%
Dans le film "Je vous trouve très beau" réalisé par Isabelle Mergault en 2005, qui est "Aymé Pigrenet" ? Michel Blanc
69%
Dans le film "Palais Royal" réalisé par Valérie Lemercier en 2005, qui est le "Prince Arnaud" ? Lambert Wilson
65%
Dans le film "Trois hommes et un couffin" réalisé par Coline Serreau en 1985, qui est " Pierre" ? Roland Giraud
55%
Dans le film "Trois hommes et un couffin" réalisé par Coline Serreau en 1985, qui est " Jacques" ? André Dussollier
53%
Dans le film "Butch Cassidy et le kid" réalisé par George Roy Hill en 1969, qui est "Le kid" ? Robert Redford
51%
Dans le film "Le souper" réalisé par Edouard Molinaro en 1992, qui est "Talleyrand" ? Claude Rich
39%
Dans le film "Le Président" réalisé par Lionel Delplanque en 2006, qui est "Le Président" ? Albert Dupontel
22%
Dans le film "Jet set" réalisé par Fabien Onteniente en 2000, qui est "Mike" ? Samuel Le Bihan
20%
Aucun quiz correspondant
Distribution des résultats
% des personnes avec chaque résultat
Percentile par nombre de réponses
Votre historique - résultats
Vous n’avez pas pris ce quiz